Представление документа в формате MARC21

Поле Инд. ПП Название Значение
Тип записи a
Библиографический уровень m
001 Контрольный номер d37e4ecfe37d48de9e1797fbaf2b6037
005 Дата корректировки 20231103124649.7
020 c Цена, тираж 1 р.
080 a Индекс УДК 791
080 a Индекс УДК 792
084 a Индекс другой классификации/Индекс ББК Щ373(2)
084 a Индекс другой классификации/Индекс ББК Щ334.3(2Р=Р)7
090 x Авторский знак В 55
a Полочн. индекс Щ37
097 b Оператор *Еж*
b Оператор *Вин*
100 1_ a Автор Вишневская И.Л.
245 10 a Заглавие Артист Михаил Ульянов
260 a Место издания Москва
b Издательство Советская Россия
c Дата издания 1987
300 a Объем 223 с.
440 _0 a Серия Люди. Советская Россия
516 8_ a Прим. о типе комп. файла/ данных Текст : непосредственный
583 a Действие Ретро
653 0_ a Ключевые слова Библиотека П.Ф. Анисимова
a Ключевые слова Ульянов М.А.
a Ключевые слова Кино
a Ключевые слова Театр
655 a Жанр/ форма (устаревшее) *Н*
901 t Тип документа m
905 b Дата создания записи обработка 30.11.22
952 e Факультет *ФУСК*
990 c Приоритет заказа (DOS) *д*
f Даты поступлений (DOS) 28.07.22
g Размещение заказа (DOS) Пожертвование от семьи Анисимовых
h N записи в КСУ для Б/У (DOS) 36/2022
j Количество экземпляров (DOS) 1